00564nam a22001697a 450000500170000000800410001702000180005804000230007605000120009910000360011124500730014725000190022026000690023930000350030865000230034365000280036620240201082459.0240201b |||||||| |||| 00| 0 eng d a9780070601864 aKMUcKMUdKMUerda aTK 5101 aHsu, Hwei P. and Mitra, Debjani aAnalog and Digital Communications /cHsu, Hwei P. and Mitra, Debjani aSecond Edition aNew Delhi :bTata McGraw-Hill Publishing Company Limited,c2006. aviii, 405 p. :bill. ;c24 cm. aTelecommunication. aDigital communications.